<?xml version="1.0" encoding="UTF-8"?>
<record
    xmlns:xsi="http://www.w3.org/2001/XMLSchema-instance"
    xsi:schemaLocation="http://www.loc.gov/MARC21/slim http://www.loc.gov/standards/marcxml/schema/MARC21slim.xsd"
    xmlns="http://www.loc.gov/MARC21/slim">

  <leader>06261nam a2200661 i 4500</leader>
  <controlfield tag="001">67847</controlfield>
  <controlfield tag="003">FINmELB</controlfield>
  <controlfield tag="005">20241217142838.0</controlfield>
  <controlfield tag="006">m     o  u        </controlfield>
  <controlfield tag="007">cr cn|||||||||</controlfield>
  <controlfield tag="008">230404s2021    ck abdofob   s000 0 spa d</controlfield>
  <datafield tag="020" ind1=" " ind2=" ">
    <subfield code="a">978-958-794-545-4</subfield>
    <subfield code="q">(digital)</subfield>
  </datafield>
  <datafield tag="020" ind1=" " ind2=" ">
    <subfield code="z">978-958-794-544-7</subfield>
    <subfield code="q">(IBD)</subfield>
  </datafield>
  <datafield tag="020" ind1=" " ind2=" ">
    <subfield code="z">978-958-794-543-0</subfield>
    <subfield code="q">(papel)</subfield>
  </datafield>
  <datafield tag="035" ind1=" " ind2=" ">
    <subfield code="a">(OCoLC)1377204620</subfield>
  </datafield>
  <datafield tag="040" ind1=" " ind2=" ">
    <subfield code="a">FINmELB</subfield>
    <subfield code="b">spa</subfield>
    <subfield code="e">rda</subfield>
    <subfield code="c">FINmELB</subfield>
  </datafield>
  <datafield tag="050" ind1="1" ind2="4">
    <subfield code="a">HV6546</subfield>
    <subfield code="b">.C847 2021</subfield>
  </datafield>
  <datafield tag="080" ind1=" " ind2=" ">
    <subfield code="a">616.89-008.441.44</subfield>
  </datafield>
  <datafield tag="082" ind1="0" ind2="4">
    <subfield code="a">362.280835</subfield>
    <subfield code="2">23</subfield>
  </datafield>
  <datafield tag="245" ind1="0" ind2="0">
    <subfield code="a">Cuerpo, emociones y sentido de vida :</subfield>
    <subfield code="b">investigaci&#xF3;n para la comprensi&#xF3;n del sufrimiento emocional profundo y la ideaci&#xF3;n suicida en estudiantes de la Universidad Nacional de Colombia - Sede Bogot&#xE1; /</subfield>
    <subfield code="c">Bertha J. Ni&#xF1;o M., editora.</subfield>
  </datafield>
  <datafield tag="246" ind1="3" ind2="0">
    <subfield code="a">Investigaci&#xF3;n para la comprensi&#xF3;n del sufrimiento emocional profundo y la ideaci&#xF3;n suicida en estudiantes de la Universidad Nacional de Colombia - Sede Bogot&#xE1;</subfield>
  </datafield>
  <datafield tag="250" ind1=" " ind2=" ">
    <subfield code="a">Primera edici&#xF3;n.</subfield>
  </datafield>
  <datafield tag="264" ind1=" " ind2="1">
    <subfield code="a">Bogot&#xE1; :</subfield>
    <subfield code="b">Universidad Nacional de Colombia. Vicerrector&#xED;a de Investigaci&#xF3;n. Editorial,</subfield>
    <subfield code="c">2021.</subfield>
  </datafield>
  <datafield tag="300" ind1=" " ind2=" ">
    <subfield code="a">1 recurso en l&#xED;nea (303 p&#xE1;ginas) :</subfield>
    <subfield code="b">ilustraciones a color, diagramas, fotograf&#xED;as, mapas</subfield>
  </datafield>
  <datafield tag="336" ind1=" " ind2=" ">
    <subfield code="a">texto</subfield>
    <subfield code="b">txt</subfield>
    <subfield code="2">rdacontent/spa</subfield>
  </datafield>
  <datafield tag="337" ind1=" " ind2=" ">
    <subfield code="a">computadora</subfield>
    <subfield code="b">c</subfield>
    <subfield code="2">rdamedia/spa</subfield>
  </datafield>
  <datafield tag="338" ind1=" " ind2=" ">
    <subfield code="a">recurso en l&#xED;nea</subfield>
    <subfield code="b">cr</subfield>
    <subfield code="2">rdacarrier/spa</subfield>
  </datafield>
  <datafield tag="490" ind1="1" ind2=" ">
    <subfield code="a">Colecci&#xF3;n Escuela de Pensamiento</subfield>
  </datafield>
  <datafield tag="500" ind1=" " ind2=" ">
    <subfield code="a">Incluye perfil acad&#xE9;mico de la editora en la solapa del libro.</subfield>
  </datafield>
  <datafield tag="500" ind1=" " ind2=" ">
    <subfield code="a">Incluye perfil acad&#xE9;mico de los autores en las p&#xE1;ginas finales del libro.</subfield>
  </datafield>
  <datafield tag="500" ind1=" " ind2=" ">
    <subfield code="a">Incluye lista de figuras y tablas.</subfield>
  </datafield>
  <datafield tag="504" ind1=" " ind2=" ">
    <subfield code="a">Incluye referencias bibliogr&#xE1;ficas al final de cada cap&#xED;tulo.</subfield>
  </datafield>
  <datafield tag="505" ind1="0" ind2=" ">
    <subfield code="a">Presentaci&#xF3;n / Bertha J. Ni&#xF1;o M. -- Agradecimientos / Dolly Montoya Casta&#xF1;o (rectora) -- Introducci&#xF3;n ; El problema: sufrimiento emocional profundo en estudiantes de la Universidad Nacional de Colombia - Sede Bogot&#xE1; ; Marco conceptual y antecedentes ; Enfoques aplicados a la investigaci&#xF3;n ; Premisas de la investigaci&#xF3;n ; Categor&#xED;as de an&#xE1;lisis ; Sufrimiento emocional profundo ; Suicidolog&#xED;a -- Metodolog&#xED;a ; Objetivos ; Estructura anal&#xED;tica ; Estrategias metodol&#xF3;gicas -- Procedimiento ; Participantes ; Talleres investigativos ; Procedimiento de las entrevistas ; Acciones de seguimiento -- Resultados ; Contextualizaci&#xF3;n de la salud mental y el sufrimiento emocional profundo en las y los estudiantes de la Universidad Nacional de Colombia - Sede Bogot&#xE1; ; Organizaci&#xF3;n y vivencia subjetiva 89 Las situaciones de familia en el sufrimiento emocional profundo ; Universidad y comunidad ; Papel de la Universidad en el acompa&#xF1;amiento al sufrimiento emocional profundo -- Discusi&#xF3;n: las relaciones y las conexiones ; Sobre el cuerpo y la subjetividad ; Riesgos de suicidio en estudiantes: una mirada desde el enfoque de g&#xE9;nero ; Riesgo de suicidio asociado a v&#xED;nculos, relaciones y lugar del estudiante en la familia ; Sufrimiento emocional profundo y riesgo de suicidio asociado a la Universidad ; Universidad protectora de vida ; Factores protectores y resilientes -- Apreciaciones conclusivas, aprendizajes y recomendaciones ; Fortalecer la autonom&#xED;a: el tejido en red, la atenci&#xF3;n y prevenci&#xF3;n desde los escenarios colectivos atendiendo a las particularidades de los sujetos --.</subfield>
  </datafield>
  <datafield tag="505" ind1="0" ind2=" ">
    <subfield code="a">Casa Tejido de Vida. Propuesta de intervenci&#xF3;n en sufrimiento emocional profundo e ideaci&#xF3;n suicida en estudiantes de la Universidad Nacional de Colombia -- Algunos elementos para retroalimentar la pol&#xED;tica en la Universidad ; Sufrimiento emocional profundo e ideaci&#xF3;n suicida en la poblaci&#xF3;n joven ; La salud mental integral: un compromiso con la comunidad universitaria ; Recomendaciones a la pol&#xED;tica de salud mental -- Anexo. Propuesta de herramientas para el dise&#xF1;o y desarrollo de talleres con madres y padres de familia.</subfield>
  </datafield>
  <datafield tag="520" ind1="3" ind2=" ">
    <subfield code="a">Este libro presenta los principales hallazgos de la investigaci&#xF3;n que, sobre sufrimiento emocional profundo e ideaci&#xF3;n suicida, se adelant&#xF3; con estudiantes de la Universidad Nacional de Colombia - Sede Bogot&#xE1;; siendo su prop&#xF3;sito comprender de manera m&#xE1;s cercana las implicaciones psicol&#xF3;gicas, emocionales y de sentido, vinculados al sufrimiento emocional y ps&#xED;quico de los estudiantes junto a la toma de decisiones sobre su propia vida. A partir de esta, se plantean modelos de atenci&#xF3;n m&#xE1;s integrales e integrativos con din&#xE1;micas altamente participativas de habla y escucha, para aquellos estudiantes que viven un sufrimiento profundo y desestabilizador, y herramientas de acompa&#xF1;amiento e intervenci&#xF3;n con las familias, amigos y compa&#xF1;eros de los estudiantes en situaciones de crisis profunda y de aquellos que han partido de este mundo por decisi&#xF3;n propia.</subfield>
  </datafield>
  <datafield tag="588" ind1=" " ind2=" ">
    <subfield code="a">Descripci&#xF3;n basada en metadatos suministrados por el editor y otras fuentes.</subfield>
  </datafield>
  <datafield tag="590" ind1=" " ind2=" ">
    <subfield code="a">Recurso electr&#xF3;nico. Santa Fe, Arg.: elibro, 2023. Disponible v&#xED;a World Wide Web. El acceso puede estar limitado para las bibliotecas afiliadas a elibro.</subfield>
  </datafield>
  <datafield tag="610" ind1="2" ind2="4">
    <subfield code="a">Universidad Nacional de Colombia (Sede Bogot&#xE1;)</subfield>
    <subfield code="x">Investigaciones.</subfield>
  </datafield>
  <datafield tag="650" ind1="1" ind2="4">
    <subfield code="a">Suicidio</subfield>
    <subfield code="x">Prevenci&#xF3;n y control.</subfield>
  </datafield>
  <datafield tag="650" ind1="1" ind2="4">
    <subfield code="a">Suicidiolog&#xED;a.</subfield>
  </datafield>
  <datafield tag="650" ind1="1" ind2="4">
    <subfield code="a">Ideaci&#xF3;n suicida.</subfield>
  </datafield>
  <datafield tag="650" ind1="1" ind2="4">
    <subfield code="a">Estr&#xE9;s psicol&#xF3;gico</subfield>
    <subfield code="x">Prevenci&#xF3;n &amp; control.</subfield>
  </datafield>
  <datafield tag="650" ind1="1" ind2="4">
    <subfield code="a">Relaciones familiares.</subfield>
  </datafield>
  <datafield tag="650" ind1="1" ind2="4">
    <subfield code="a">Investigaci&#xF3;n participativa basada en la comunidad.</subfield>
  </datafield>
  <datafield tag="650" ind1="1" ind2="4">
    <subfield code="a">Estudiantes universitarios</subfield>
    <subfield code="x">Conducta de vida</subfield>
    <subfield code="z">Bogot&#xE1;</subfield>
    <subfield code="z">Colombia.</subfield>
  </datafield>
  <datafield tag="655" ind1=" " ind2="4">
    <subfield code="a">Libros electr&#xF3;nicos.</subfield>
  </datafield>
  <datafield tag="700" ind1="1" ind2=" ">
    <subfield code="a">Ni&#xF1;o Mart&#xED;nez, Bertha Jeannette,</subfield>
    <subfield code="d">1960-</subfield>
    <subfield code="e">editor,</subfield>
    <subfield code="e">autor,</subfield>
    <subfield code="e">coordinador de investigaci&#xF3;n.</subfield>
  </datafield>
  <datafield tag="700" ind1="1" ind2=" ">
    <subfield code="a">D&#xED;az Leguizam&#xF3;n, Carmen Luc&#xED;a,</subfield>
    <subfield code="d">1958-</subfield>
  </datafield>
  <datafield tag="700" ind1="1" ind2=" ">
    <subfield code="a">Olaya, Eucaris,</subfield>
    <subfield code="d">1968-</subfield>
  </datafield>
  <datafield tag="700" ind1="1" ind2=" ">
    <subfield code="a">Torres C&#xE1;rdenas, Vilma Mar&#xED;a de Jes&#xFA;s,</subfield>
    <subfield code="d">1960-</subfield>
    <subfield code="e">autor,</subfield>
    <subfield code="e">investigador.</subfield>
  </datafield>
  <datafield tag="700" ind1="1" ind2=" ">
    <subfield code="a">M&#xE1;rquez Ram&#xED;rez, Laura Ximena,</subfield>
    <subfield code="d">1990-</subfield>
    <subfield code="e">autor,</subfield>
    <subfield code="e">asistente de investigaci&#xF3;n.</subfield>
  </datafield>
  <datafield tag="700" ind1="1" ind2=" ">
    <subfield code="a">Fajardo Mart&#xED;nez, Constanza,</subfield>
    <subfield code="e">investigador auxiliar.</subfield>
  </datafield>
  <datafield tag="700" ind1="1" ind2=" ">
    <subfield code="a">Moreno, Jenny,</subfield>
    <subfield code="e">investigador auxiliar.</subfield>
  </datafield>
  <datafield tag="700" ind1="1" ind2=" ">
    <subfield code="a">Boh&#xF3;rquez, Diana,</subfield>
    <subfield code="e">investigador auxiliar.</subfield>
  </datafield>
  <datafield tag="797" ind1="2" ind2=" ">
    <subfield code="a">elibro, Corp.</subfield>
  </datafield>
  <datafield tag="830" ind1=" " ind2="0">
    <subfield code="a">Colecci&#xF3;n Escuela de Pensamiento.</subfield>
  </datafield>
  <datafield tag="856" ind1="4" ind2="0">
    <subfield code="u">https://elibro.net/ereader/politecnicointernacional/220618</subfield>
  </datafield>
  <datafield tag="999" ind1=" " ind2=" ">
    <subfield code="c">67847</subfield>
    <subfield code="d">67847</subfield>
  </datafield>
</record>
